000 00557nam a2200205 a 4500
005 20210219153358.0
008 991125n 000 0 u
035 _aUPN01000095244
100 _aPerez, Ernest
222 _aLIBRARY SOFTWARE REVIEW
245 _aPSILink : Internet connection with just a pc and modem
300 _a6-11
362 _a11, No. 5, 1992
505 _aMarzo 1993
653 0 _aCORREO ELECTRONICO
653 0 _aPROGRAMAS DE LA COMPUTADORA
653 0 _aREDES DE INFORMACION
904 _aAC
_b033055
905 _aArticulo
999 _c75413
_d75413